[Event "2nd Sharjah Masters International Chess Championship"]
[Site "Sharjah Culture & Chess Club"]
[Date "2018.04.18"]
[Round "8"]
[Board "3"]
[White "Inarkiev, Ernesto"]
[Black "Artemiev, Vladislav"]
[Result "1/2-1/2"]
[WhiteElo "2680"]
[BlackElo "2701"]
[PlyCount "0"]
[EventDate "2018.04.12"]
[EventRounds "9"]
[EventCountry "UAE"]

1. e4 {[%clk 1:29:28]} c6 {[%clk 1:30:12]} 2. d4 {[%clk 1:29:52]} d5
{[%clk 1:30:32]} 3. Nc3 {[%clk 1:30:16]} dxe4 {[%clk 1:30:17]} 4. Nxe4
{[%clk 1:30:41]} Bf5 {[%clk 1:28:32]} 5. Ng3 {[%clk 1:31:04]} Bg6
{[%clk 1:28:51]} 6. h4 {[%clk 1:31:25]} h6 {[%clk 1:29:07]} 7. Nf3
{[%clk 1:31:47]} e6 {[%clk 1:24:09]} 8. h5 {[%clk 1:31:34]} Bh7 {[%clk 1:24:29]}
9. Bd3 {[%clk 1:32:01]} Bxd3 {[%clk 1:24:12]} 10. Qxd3 {[%clk 1:32:25]} Nf6
{[%clk 1:24:03]} 11. Bd2 {[%clk 1:31:06]} c5 {[%clk 1:23:31]} 12. Ne4
{[%clk 1:20:39]} Nc6 {[%clk 0:48:44]} 13. Bc3 {[%clk 1:15:52]} Nb4
{[%clk 0:34:20]} 14. Bxb4 {[%clk 0:40:24]} cxb4 {[%clk 0:34:24]} 15. Nxf6+
{[%clk 0:40:52]} gxf6 {[%clk 0:34:43]} 16. c4 {[%clk 0:32:34]} Qc7
{[%clk 0:27:27]} 17. O-O {[%clk 0:25:49]} Rg8 {[%clk 0:26:05]} 18. c5
{[%clk 0:24:58]} O-O-O {[%clk 0:23:06]} 19. a3 {[%clk 0:22:00]} Qc6
{[%clk 0:18:16]} 20. Rfd1 {[%clk 0:19:41]} b3 {[%clk 0:18:05]} 21. Qxb3
{[%clk 0:18:35]} Rd5 {[%clk 0:18:26]} 22. Rac1 {[%clk 0:16:46]} Rxh5
{[%clk 0:17:50]} 23. d5 {[%clk 0:05:45]} Rxd5 {[%clk 0:18:11]} 24. Rxd5
{[%clk 0:06:12]} Qxd5 {[%clk 0:18:35]} 25. Qxd5 {[%clk 0:06:36]} exd5
{[%clk 0:18:58]} 26. b4 {[%clk 0:06:38]} Rg4 {[%clk 0:18:15]} 27. Rd1
{[%clk 0:04:45]} Rc4 {[%clk 0:17:53]} 28. Rxd5 {[%clk 0:04:02]} a5
{[%clk 0:16:41]} 29. Nd2 {[%clk 0:00:50]} Rc3 {[%clk 0:11:17]} 30. c6
{[%clk 0:01:18]} axb4 {[%clk 0:10:45]} 31. cxb7+ {[%clk 0:01:42]} Kxb7
{[%clk 0:11:12]} 32. axb4 {[%clk 0:02:09]} Rc1+ {[%clk 0:09:41]} 33. Nf1
{[%clk 0:01:13]} Kc7 {[%clk 0:08:47]} 34. Rf5 {[%clk 0:01:01]} Be7
{[%clk 0:09:01]} 35. g3 {[%clk 0:01:25]} Rb1 {[%clk 0:08:23]} 36. b5
{[%clk 0:01:26]} Kb6 {[%clk 0:08:43]} 37. Kg2 {[%clk 0:01:16]} Rxb5
{[%clk 0:09:02]} 38. Ne3 {[%clk 0:01:40]} Rxf5 {[%clk 0:09:02]} 39. Nxf5
{[%clk 0:02:08]} Bf8 {[%clk 0:09:22]} 40. Kf3 {[%clk 0:02:10]} Kc6
{[%clk 0:09:12]} 41. Ke4 {[%clk 0:02:36]} h5 {[%clk 0:08:45]} 42. Nd4+
{[%clk 0:01:35]} Kd7 {[%clk 0:08:54]} 43. Kd5 {[%clk 0:01:09]} Bb4
{[%clk 0:09:07]} 44. Nf5 {[%clk 0:01:01]} Be1 {[%clk 0:09:23]} 45. f4
{[%clk 0:01:17]} Kc7 {[%clk 0:07:02]} 46. Ke4 {[%clk 0:01:21]} Kc6
{[%clk 0:07:17]} 47. Ke3 {[%clk 0:01:44]} Kd5 {[%clk 0:07:20]} 48. Kf3
{[%clk 0:02:09]} Bb4 {[%clk 0:07:03]} 49. Ng7 {[%clk 0:01:45]} Bf8
{[%clk 0:07:18]} 50. Nxh5 {[%clk 0:02:10]} f5 {[%clk 0:07:43]} 51. g4
{[%clk 0:02:35]} Ke5 52. Ke4+ 1/2-1/2

[Event "2nd Sharjah Masters International Chess Championship"]
[Site "Sharjah Culture & Chess Club"]
[Date "2018.04.18"]
[Round "8"]
[Board "7"]
[White "Mareco, Sandro"]
[Black "Jones, Gawain C B"]
[Result "1-0"]
[WhiteElo "2645"]
[BlackElo "2675"]
[PlyCount "0"]
[EventDate "2018.04.12"]
[EventRounds "9"]
[EventCountry "UAE"]

1. d4 {[%clk 1:30:21]} Nf6 {[%clk 1:30:51]} 2. c4 {[%clk 1:30:48]} g6
{[%clk 1:31:13]} 3. Nf3 {[%clk 1:31:15]} Bg7 {[%clk 1:31:36]} 4. g3
{[%clk 1:31:42]} b6 {[%clk 1:31:56]} 5. Nc3 {[%clk 1:28:36]} Bb7 {[%clk 1:32:12]}
6. d5 {[%clk 1:29:00]} O-O {[%clk 1:30:50]} 7. Bg2 {[%clk 1:29:24]} Re8
{[%clk 1:29:05]} 8. O-O {[%clk 1:28:21]} e5 {[%clk 1:29:20]} 9. e4
{[%clk 1:14:15]} Na6 {[%clk 1:26:46]} 10. Be3 {[%clk 1:12:53]} c6
{[%clk 1:24:37]} 11. Nd2 {[%clk 1:07:35]} d6 {[%clk 1:18:22]} 12. Re1
{[%clk 1:04:57]} h5 {[%clk 1:10:52]} 13. h3 {[%clk 0:55:28]} Nc5 {[%clk 1:08:42]}
14. Bf1 {[%clk 0:54:54]} cxd5 {[%clk 1:07:53]} 15. cxd5 {[%clk 0:54:46]} Ba6
{[%clk 1:07:17]} 16. Bxa6 {[%clk 0:45:35]} Nxa6 {[%clk 1:07:33]} 17. Qe2
{[%clk 0:45:26]} Nc7 {[%clk 1:05:48]} 18. Nb5 {[%clk 0:38:09]} Nxb5
{[%clk 1:01:20]} 19. Qxb5 {[%clk 0:38:35]} h4 {[%clk 1:01:35]} 20. g4
{[%clk 0:36:37]} Nh7 {[%clk 0:59:36]} 21. Kh2 {[%clk 0:33:48]} Bf6
{[%clk 0:55:32]} 22. Rac1 {[%clk 0:32:20]} Bg5 {[%clk 0:55:20]} 23. Rc6
{[%clk 0:32:25]} Qf6 {[%clk 0:51:57]} 24. Kg2 {[%clk 0:32:41]} Re7
{[%clk 0:51:51]} 25. Qe2 {[%clk 0:31:00]} Rd7 {[%clk 0:42:55]} 26. Rec1
{[%clk 0:31:16]} Rf8 {[%clk 0:41:50]} 27. Rc8 {[%clk 0:31:09]} Bf4
{[%clk 0:40:01]} 28. Rxf8+ {[%clk 0:28:36]} Kxf8 {[%clk 0:38:42]} 29. Nf3
{[%clk 0:24:36]} Ng5 {[%clk 0:35:55]} 30. Nxh4 {[%clk 0:20:29]} Bxe3
{[%clk 0:34:07]} 31. Qxe3 {[%clk 0:20:53]} Nxe4 {[%clk 0:33:34]} 32. Nf3
{[%clk 0:20:37]} Qf4 {[%clk 0:31:45]} 33. Qxf4 {[%clk 0:18:56]} exf4
{[%clk 0:32:11]} 34. Rc4 {[%clk 0:18:49]} Nf6 {[%clk 0:30:24]} 35. Rxf4
{[%clk 0:14:35]} Nxd5 {[%clk 0:30:47]} 36. Rd4 {[%clk 0:15:01]} Nf6
{[%clk 0:31:05]} 37. Rc4 {[%clk 0:15:10]} Re7 {[%clk 0:27:12]} 38. Nd4
{[%clk 0:14:18]} Kg7 {[%clk 0:21:44]} 39. Rc2 {[%clk 0:14:24]} d5
{[%clk 0:20:16]} 40. f3 {[%clk 0:14:28]} Ne8 {[%clk 0:20:02]} 41. Kf2
{[%clk 0:14:37]} Nd6 {[%clk 0:18:31]} 42. h4 {[%clk 0:14:42]} Nb7
{[%clk 0:16:35]} 43. Nc6 {[%clk 0:13:55]} Rc7 {[%clk 0:16:48]} 44. Nb4
{[%clk 0:13:54]} Nc5 {[%clk 0:09:11]} 45. Rd2 {[%clk 0:13:51]} Na4
{[%clk 0:09:22]} 46. Ke3 {[%clk 0:12:43]} Rc5 {[%clk 0:09:31]} 47. Nd3
{[%clk 0:11:14]} Rc8 {[%clk 0:09:45]} 48. Nf4 {[%clk 0:11:20]} Rh8
{[%clk 0:09:21]} 49. h5 {[%clk 0:11:29]} Re8+ {[%clk 0:07:30]} 50. Kf2
{[%clk 0:11:48]} Re5 {[%clk 0:07:29]} 51. hxg6 {[%clk 0:11:20]} fxg6
{[%clk 0:07:57]} 52. Nxd5 {[%clk 0:10:06]} Kf7 {[%clk 0:07:57]} 53. Nf4
{[%clk 0:09:58]} g5 {[%clk 0:07:25]} 54. Ne2 {[%clk 0:10:04]} a5 {[%clk 0:07:41]}
55. b3 {[%clk 0:07:56]} Nc5 {[%clk 0:08:10]} 56. Nc3 {[%clk 0:08:21]} Re6
{[%clk 0:08:21]} 57. Nb5 {[%clk 0:08:11]} Rh6 {[%clk 0:07:55]} 58. Nd6+
{[%clk 0:08:11]} Kf6 {[%clk 0:07:20]} 59. Kg3 {[%clk 0:07:46]} Rh1
{[%clk 0:06:35]} 60. Nc4 {[%clk 0:07:58]} a4 {[%clk 0:06:36]} 61. b4
{[%clk 0:07:48]} Ne6 {[%clk 0:06:29]} 62. Nxb6 {[%clk 0:08:00]} a3
{[%clk 0:06:32]} 63. Nd7+ {[%clk 0:07:13]} Ke7 {[%clk 0:05:27]} 64. Nc5
{[%clk 0:06:40]} Nxc5 {[%clk 0:05:05]} 65. bxc5 {[%clk 0:07:05]} Rg1+
{[%clk 0:05:31]} 66. Rg2 {[%clk 0:06:55]} Rc1 {[%clk 0:04:53]} 67. Re2+
{[%clk 0:07:22]} Kf6 {[%clk 0:05:15]} 68. Re3 {[%clk 0:07:46]} Rxc5
{[%clk 0:05:40]} 69. Rxa3 {[%clk 0:08:10]} Rc2 {[%clk 0:05:53]} 70. f4
{[%clk 0:05:54]} gxf4+ {[%clk 0:06:13]} 71. Kxf4 {[%clk 0:06:18]} Rc4+
{[%clk 0:04:25]} 72. Kg3 {[%clk 0:06:44]} Rc2 {[%clk 0:04:10]} 73. Rf3+
{[%clk 0:06:12]} Kg6 {[%clk 0:04:21]} 74. a4 {[%clk 0:06:27]} Ra2
{[%clk 0:04:13]} 75. Rf4 {[%clk 0:06:51]} Ra1 {[%clk 0:01:35]} 76. Kf3
{[%clk 0:06:38]} Ra3+ {[%clk 0:01:08]} 77. Ke2 {[%clk 0:07:02]} Kg5
{[%clk 0:01:16]} 78. Re4 {[%clk 0:07:26]} Rc3 {[%clk 0:00:52]} 79

[Event "2nd Sharjah Masters International Chess Championship"]
[Site "Sharjah Culture & Chess Club"]
[Date "2018.04.18"]
[Round "8"]
[Board "8"]
[White "Grandelius, Nils"]
[Black "Jumabayev, Rinat"]
[Result "1/2-1/2"]
[WhiteElo "2652"]
[BlackElo "2612"]
[PlyCount "0"]
[EventDate "2018.04.12"]
[EventRounds "9"]
[EventCountry "UAE"]

1. e4 {[%clk 1:30:35]} c5 {[%clk 1:30:56]} 2. Nf3 {[%clk 1:30:55]} d6
{[%clk 1:31:21]} 3. d4 {[%clk 1:30:29]} cxd4 {[%clk 1:31:39]} 4. Nxd4
{[%clk 1:30:50]} Nf6 {[%clk 1:32:05]} 5. Nc3 {[%clk 1:31:13]} Nc6
{[%clk 1:32:29]} 6. Bc4 {[%clk 1:30:33]} Qb6 {[%clk 1:28:33]} 7. Nb3
{[%clk 1:30:04]} e6 {[%clk 1:28:55]} 8. Bf4 {[%clk 1:29:53]} Ne5 {[%clk 1:28:44]}
9. Be2 {[%clk 1:29:52]} Bd7 {[%clk 1:21:49]} 10. g4 {[%clk 1:22:43]} h6
{[%clk 1:19:13]} 11. h4 {[%clk 1:08:57]} Qc7 {[%clk 1:10:40]} 12. Rg1
{[%clk 1:02:43]} Bc6 {[%clk 1:05:58]} 13. Qd4 {[%clk 0:59:34]} Nexg4
{[%clk 0:51:13]} 14. Bxg4 {[%clk 0:54:39]} e5 {[%clk 0:51:24]} 15. Qd2
{[%clk 0:54:55]} exf4 {[%clk 0:41:23]} 16. Qxf4 {[%clk 0:54:46]} Nxg4
{[%clk 0:40:55]} 17. Qxg4 {[%clk 0:49:26]} h5 {[%clk 0:39:05]} 18. Qe2
{[%clk 0:48:33]} g6 {[%clk 0:23:19]} 19. O-O-O {[%clk 0:48:17]} Be7
{[%clk 0:23:43]} 20. Nd4 {[%clk 0:38:14]} O-O-O {[%clk 0:19:53]} 21. Ncb5
{[%clk 0:36:30]} Qb6 {[%clk 0:14:59]} 22. Rg3 {[%clk 0:35:42]} Bxb5
{[%clk 0:13:22]} 23. Nxb5 {[%clk 0:36:03]} a6 {[%clk 0:11:08]} 24. Nd4
{[%clk 0:23:45]} Rd7 {[%clk 0:10:39]} 25. Rb3 {[%clk 0:24:03]} Qa7
{[%clk 0:07:28]} 26. e5 {[%clk 0:20:57]} Re8 {[%clk 0:06:18]} 27. e6
{[%clk 0:16:07]} fxe6 {[%clk 0:06:25]} 28. Qc4+ {[%clk 0:16:19]} Rc7
{[%clk 0:06:22]} 29. Qxe6+ {[%clk 0:15:19]} Kb8 {[%clk 0:06:49]} 30. Qxg6
{[%clk 0:14:52]} Rec8 {[%clk 0:07:13]} 31. c3 {[%clk 0:13:42]} Bxh4
{[%clk 0:06:50]} 32. Qxd6 {[%clk 0:10:16]} Qc5 {[%clk 0:06:47]} 33. Qxa6
{[%clk 0:07:00]} Bxf2 {[%clk 0:07:08]} 34. Qd3 {[%clk 0:06:16]} Qc4
{[%clk 0:05:27]} 35. Qxc4 {[%clk 0:04:47]} Rxc4 {[%clk 0:05:56]} 36. Nf5
{[%clk 0:04:24]} Rh8 {[%clk 0:03:32]} 37. Rb5 {[%clk 0:01:25]} h4
{[%clk 0:03:05]} 38. Rd7 {[%clk 0:01:01]} Rc7 {[%clk 0:02:58]} 39. Rxc7
{[%clk 0:00:48]} Kxc7 {[%clk 0:03:26]} 40. Nxh4 {[%clk 0:01:10]} Rxh4
{[%clk 0:03:49]} 41. Kc2 {[%clk 0:01:31]} Kc6 {[%clk 0:03:54]} 42. Rf5
{[%clk 0:02:00]} Rh2 {[%clk 0:04:19]} 43. Kb3 {[%clk 0:01:48]} Be3
{[%clk 0:03:52]} 44. Rf1 {[%clk 0:02:16]} Re2 {[%clk 0:03:49]} 45. Rd1
{[%clk 0:02:34]} Bd2 {[%clk 0:03:19]} 46. Kc2 {[%clk 0:02:58]} Bf4+
{[%clk 0:03:41]} 47. Kb3 {[%clk 0:03:28]} Rf2 {[%clk 0:03:58]} 48. Rg1
{[%clk 0:03:31]} Kd5 {[%clk 0:04:09]} 49. Rd1+ {[%clk 0:03:59]} Ke5
{[%clk 0:04:14]} 50. Re1+ {[%clk 0:04:10]} Kf5 {[%clk 0:04:36]} 51. Re7
{[%clk 0:03:33]} b6 {[%clk 0:03:34]} 52. Rb7 {[%clk 0:01:04]} Rg2
{[%clk 0:04:02]} 53. Rxb6 {[%clk 0:01:10]} Bc1 {[%clk 0:04:30]} 54. Kc4
{[%clk 0:01:14]} Bxb2 {[%clk 0:04:42]} 55. a4 {[%clk 0:01:40]} Rg4+
{[%clk 0:04:02]} 56. Kb3 {[%clk 0:01:49]} Bc1 {[%clk 0:04:26]} 57. a5
{[%clk 0:02:11]} Be3 {[%clk 0:04:30]} 58. Rb7 {[%clk 0:02:37]} Rg1
{[%clk 0:04:37]} 59. Kc4 {[%clk 0:02:40]} Ke6 {[%clk 0:04:25]} 60. Kb5
{[%clk 0:01:06]} Kd6 {[%clk 0:03:24]} 61. Rf7 {[%clk 0:01:17]} Rg5+
{[%clk 0:03:09]} 62. Ka6 {[%clk 0:01:45]} Kc6 {[%clk 0:02:56]} 63. Rf6+
{[%clk 0:02:10]} Kc5 {[%clk 0:03:22]} 64. Re6 {[%clk 0:01:43]} Bg1
{[%clk 0:03:38]} 65. Rh6 {[%clk 0:01:36]} Rg7 {[%clk 0:02:12]} 66. Rh5+
{[%clk 0:01:36]} Kc4 {[%clk 0:02:26]} 67. Rh4+ {[%clk 0:02:01]} Kxc3
{[%clk 0:02:50]} 68. Kb5 {[%clk 0:02:28]} Rg5+ {[%clk 0:02:48]} 69. Kc6
{[%clk 0:02:46]} Rxa5 {[%clk 0:03:04]} 70. Rh1 {[%clk 0:02:53]} Rg5
{[%clk 0:03:21]} 71. Rh4 {[%clk 0:03:05]} Kd3 {[%clk 0:03:32]} 72. Kd6
{[%clk 0:03:30]} Bf2 {[%clk 0:03:43]} 73. Rh1 {[%clk 0:03:47]} Ke4
{[%clk 0:04:05]} 74. Rf1 {[%clk 0:04:04]} Rg6+ {[%clk 0:04:14]} 75. Kd7
{[%clk 0:04:32]} Bd4 {[%clk 0:04:01]} 76. Re1+ {[%clk 0:04:55]} Kd5
{[%clk 0:04:23]} 77. Rd1 {[%clk 0:05:22]} Rg7+ {[%clk 0:04:17]} 78. Kd8
{[%clk 0:05:49]}

[Event "2nd Sharjah Masters International Chess Championship"]
[Site "Sharjah Culture & Chess Club"]
[Date "2018.04.18"]
[Round "8"]
[Board "13"]
[White "Petrosian, Tigran L."]
[Black "Vignesh, N R"]
[Result "1/2-1/2"]
[WhiteElo "2609"]
[BlackElo "2475"]
[PlyCount "0"]
[EventDate "2018.04.12"]
[EventRounds "9"]
[EventCountry "UAE"]

1. Nf3 {[%clk 1:30:57]} d5 {[%clk 1:29:59]} 2. g3 {[%clk 1:31:22]} Nf6
{[%clk 1:30:22]} 3. Bg2 {[%clk 1:31:49]} c6 {[%clk 1:30:41]} 4. c4
{[%clk 1:32:16]} Bg4 {[%clk 1:30:07]} 5. Ne5 {[%clk 1:32:42]} Be6
{[%clk 1:29:59]} 6. O-O Nbd7 {[%clk 1:28:51]} 7. cxd5 {[%clk 1:33:30]} Bxd5
{[%clk 1:29:06]} 8. Nf3 {[%clk 1:33:56]} e5 {[%clk 1:28:21]} 9. Nc3
{[%clk 1:34:20]} Bxf3 {[%clk 1:28:33]} 10. Bxf3 {[%clk 1:34:45]} Bc5
{[%clk 1:28:58]} 11. d3 {[%clk 1:34:13]} O-O {[%clk 1:29:16]} 12. Rb1
{[%clk 1:33:46]} a5 {[%clk 1:29:12]} 13. a3 {[%clk 1:34:11]} Re8 {[%clk 1:09:04]}
14. Bd2 {[%clk 1:34:04]} Qe7 {[%clk 0:59:35]} 15. Qc2 {[%clk 1:33:46]} Bd6
{[%clk 0:58:03]} 16. Bg2 {[%clk 1:32:52]} Nc5 {[%clk 0:57:44]} 17. b4
{[%clk 1:31:38]} axb4 {[%clk 0:51:17]} 18. axb4 {[%clk 1:32:04]} Ne6
{[%clk 0:51:36]} 19. Qb2 {[%clk 1:31:13]} Red8 {[%clk 0:50:28]} 20. Rfd1
{[%clk 1:30:52]} h6 {[%clk 0:49:59]} 21. e3 {[%clk 1:30:57]} Bc7 {[%clk 0:41:23]}
22. Be1 {[%clk 1:31:14]} Rd7 {[%clk 0:39:46]} 23. Qc2 {[%clk 1:28:57]} Rad8
{[%clk 0:37:53]} 24. Na4 {[%clk 1:27:33]} b5 {[%clk 0:16:26]} 25. Nb2
{[%clk 1:21:49]} c5 {[%clk 0:16:16]} 26. bxc5 {[%clk 1:06:18]} Qxc5
{[%clk 0:16:41]} 27. Qxc5 {[%clk 1:05:13]} Nxc5 {[%clk 0:17:10]} 28. Bc6
{[%clk 1:05:35]} Rd6 {[%clk 0:17:21]} 29. Bxb5 {[%clk 1:06:00]} Rb8
{[%clk 0:16:47]} 30. Nc4 {[%clk 1:04:51]} Rxd3 {[%clk 0:16:55]} 31. Bc6
{[%clk 1:05:15]} Rxd1 {[%clk 0:11:29]} 32. Rxd1 {[%clk 1:05:22]} e4
{[%clk 0:10:39]} 33. Bc3 {[%clk 1:03:31]} Rd8 {[%clk 0:09:25]} 34. Rb1
{[%clk 1:02:38]} Nd5 {[%clk 0:08:34]} 35. Bd4 {[%clk 1:01:28]} Ne7
{[%clk 0:08:09]} 36. Bb5 {[%clk 0:56:28]} Ne6 {[%clk 0:08:25]} 37. Ba1
{[%clk 0:52:39]} Nc5 {[%clk 0:05:36]} 38. Kg2 {[%clk 0:51:29]} Rb8
{[%clk 0:04:54]} 39. Nd2 {[%clk 0:51:41]} Nf5 {[%clk 0:01:26]} 40. Bc6
{[%clk 0:49:25]} Rxb1 {[%clk 0:01:48]} 41. Nxb1 {[%clk 0:49:52]} Ne7
{[%clk 0:01:30]} 42. Bb5 {[%clk 0:50:11]} Ng6 {[%clk 0:01:14]} 43. Bd4
{[%clk 0:50:07]} Ne6 {[%clk 0:01:36]} 44. Ba7 {[%clk 0:50:19]} f5
{[%clk 0:01:26]} 45. Bc4 {[%clk 0:50:35]} Kf7 {[%clk 0:01:55]} 46. Nc3
{[%clk 0:50:49]} Ne5 {[%clk 0:01:15]} 47. Bb3 {[%clk 0:51:01]} Nc6
{[%clk 0:01:14]} 48. Nd5 {[%clk 0:45:24]} Be5 {[%clk 0:01:04]} 49. Bb6
{[%clk 0:45:50]} Ne7 {[%clk 0:01:23]} 50. Nc7 {[%clk 0:38:45]} Bxc7
{[%clk 0:01:40]} 51. Bxc7 {[%clk 0:39:14]} Nc6 {[%clk 0:01:18]} 52. Bd6
{[%clk 0:39:25]} Kf6 {[%clk 0:01:43]} 53. Ba3 {[%clk 0:39:42]} Ne5
{[%clk 0:01:24]} 54. Bb4 {[%clk 0:38:52]} g6 {[%clk 0:01:16]} 55. Bc3
{[%clk 0:39:00]} Ng5 {[%clk 0:01:18]} 56. h3 {[%clk 0:33:41]} h5 {[%clk 0:01:42]}
57. Ba4 {[%clk 0:33:46]} Ngf3 {[%clk 0:01:21]} 58. Bb4 {[%clk 0:30:25]} g5
{[%clk 0:02:06]} 59. Bb3 {[%clk 0:30:54]} g4 {[%clk 0:01:37]} 60. Bd5
{[%clk 0:29:39]} h4 {[%clk 0:01:37]} 61. hxg4 {[%clk 0:29:39]} Nxg4
{[%clk 0:01:12]} 62. gxh4 {[%clk 0:30:02]} Nxh4+ {[%clk 0:01:38]} 63. Kg3
{[%clk 0:30:29]} Ng6 {[%clk 0:01:55]} 64. Ba5 {[%clk 0:30:13]} N6e5
{[%clk 0:02:13]} 65. Bd8+ {[%clk 0:21:51]} Kg6 {[%clk 0:02:36]} 66. Bb6
{[%clk 0:22:14]} Nd3 {[%clk 0:02:26]} 67. f3 {[%clk 0:22:43]} exf3
{[%clk 0:02:13]} 68. Kxf3 {[%clk 0:22:43]} Nde5+ {[%clk 0:02:11]} 69. Kg3
{[%clk 0:23:01]} Nf6 {[%clk 0:02:28]} 70. Bb7 {[%clk 0:22:43]} Ne4+
{[%clk 0:02:32]} 71. Kf4 {[%clk 0:22:52]} Nd3+ {[%clk 0:02:12]} 72. Kf3
{[%clk 0:23:21]} Ne5+ {[%clk 0:02:35]} 73. Ke2 {[%clk 0:23:44]} Nd6
{[%clk 0:02:30]} 74. Bd5 {[%clk 0:23:57]} Nd7 {[%clk 0:02:42]} 75. Bd4
{[%clk 0:23:54]} Nf6 {[%clk 0:02:12]} 76. Bc6 {[%clk 0:23:55]} Ng4
{[%clk 0:02:23]} 77. Bd5 {[%clk 0:24:07]} Nf6 {[%clk 0:02:41]} 78. Ba2
{[%clk 0:24:19]} Nde4 {[%clk 0:02:09]} 79. Be6 {

[Event "2nd Sharjah Masters International Chess Championship"]
[Site "Sharjah Culture & Chess Club"]
[Date "2018.04.18"]
[Round "8"]
[Board "16"]
[White "Petrosyan, Manuel"]
[Black "Bharath, Subramaniyam H"]
[Result "1-0"]
[WhiteElo "2560"]
[BlackElo "1997"]
[PlyCount "0"]
[EventDate "2018.04.12"]
[EventRounds "9"]
[EventCountry "UAE"]

1. Nf3 {[%clk 1:30:47]} Nf6 {[%clk 1:30:48]} 2. c4 {[%clk 1:31:04]} c5
{[%clk 1:26:45]} 3. Nc3 {[%clk 1:31:20]} b6 {[%clk 1:26:47]} 4. g3
{[%clk 1:30:56]} Bb7 {[%clk 1:27:07]} 5. Bg2 {[%clk 1:31:19]} e6 {[%clk 1:26:46]}
6. O-O {[%clk 1:31:39]} Be7 {[%clk 1:25:45]} 7. Re1 {[%clk 1:31:47]} O-O
{[%clk 1:25:21]} 8. e4 {[%clk 1:31:38]} d6 {[%clk 1:25:42]} 9. d4
{[%clk 1:31:46]} cxd4 {[%clk 1:23:56]} 10. Nxd4 {[%clk 1:32:10]} Qc8
{[%clk 1:23:12]} 11. Be3 {[%clk 1:31:01]} a6 {[%clk 1:22:43]} 12. Rc1
{[%clk 1:30:30]} Nbd7 {[%clk 1:22:46]} 13. f4 {[%clk 1:29:24]} Re8
{[%clk 1:21:31]} 14. Bf2 {[%clk 1:22:23]} g6 {[%clk 1:14:46]} 15. Nd5
{[%clk 1:09:52]} exd5 {[%clk 0:54:40]} 16. cxd5 {[%clk 1:10:00]} Qd8
{[%clk 0:54:58]} 17. Nc6 {[%clk 1:08:06]} Bxc6 {[%clk 0:54:08]} 18. dxc6
{[%clk 1:08:24]} Nc5 {[%clk 0:53:37]} 19. b4 {[%clk 1:04:22]} Ne6
{[%clk 0:50:27]} 20. c7 {[%clk 1:04:12]} Nxc7 {[%clk 0:22:10]} 21. Bxb6
{[%clk 1:04:07]} Rc8 {[%clk 0:21:17]} 22. Bh3 {[%clk 1:03:41]} Nd7
{[%clk 0:21:15]} 23. Ba5 {[%clk 1:03:53]} d5 {[%clk 0:15:15]} 24. Qa4
{[%clk 0:48:17]} f5 {[%clk 0:03:10]} 25. exf5 {[%clk 0:48:23]} Bc5+
{[%clk 0:01:35]} 26. bxc5 {[%clk 0:48:12]} Rxe1+ {[%clk 0:01:55]} 27. Rxe1
{[%clk 0:45:32]} Nxc5 {[%clk 0:02:15]} 28. Qd4 {[%clk 0:45:00]} Qd6
{[%clk 0:01:04]} 29. Bc3 {[%clk 0:44:57]} Ne8 {[%clk 0:01:24]} 30. Rxe8+
{[%clk 0:44:17]} Rxe8 {[%clk 0:01:49]} 31. Qg7# {[%clk 0:44:32]} Qd8 1-0